[Event "Kent Oliver mem."]
[Site "Winnipeg CAN"]
[Date "2008.01.13"]
[Round "4"]
[White "Rutter, Blair"]
[Black "Einarsson, Ken"]
[Result "1/2-1/2"]
[WhiteElo "1828"]
[BlackElo "1666"]
[PlyCount "93"]
[GameId "2160767910549165"]
[EventDate "2008.01.11"]
[EventType "swiss"]
[EventRounds "5"]
[EventCountry "CAN"]
[SourceTitle "EXT 2011"]
[Source "ChessBase"]
[SourceDate "2011.11.26"]
[SourceVersion "1"]
[SourceVersionDate "2011.11.26"]
[SourceQuality "1"]

1. c4 c5 2. g3 e5 3. Nc3 Nf6 4. Bg2 Nc6 5. e4 Be7 6. Nge2 O-O 7. d3 d6 8. h3 a6 9. O-O h6 10. Be3 Ne8 11. Nd5 f5 12. f4 fxe4 13. dxe4 Nf6 14. Nec3 Nd4 15. Qd2 Rb8 16. Nxf6+ Bxf6 17. f5 b5 18. b3 bxc4 19. bxc4 Rb4 20. Qd3 Bd7 21. Rab1 Qa5 22. Bd2 Qa3 23. Rxb4 cxb4 24. Bc1 Qxc3 25. Qxc3 bxc3 26. Ba3 Be7 27. Kf2 Rc8 28. Rc1 Rxc4 29. Bf1 Rc8 30. Bxa6 Ra8 31. Bc4+ Kh8 32. Rxc3 Rc8 33. Bb2 Bb5 34. Bd5 Rxc3 35. Bxc3 Bd8 36. Bb4 Bc7 37. h4 Bb6 38. Kg2 Bc5 39. Bd2 Ba3 40. g4 Bc6 41. Bxc6 Nxc6 42. g5 h5 43. Kf3 Nb4 44. Bxb4 Bxb4 45. Ke2 Kg8 46. a4 Kf8 47. Kd3 1/2-1/2

[Event "Kent Oliver mem."]
[Site "Winnipeg CAN"]
[Date "2008.01.13"]
[Round "5"]
[White "Bince, Rolando"]
[Black "Khedkar, Jay S"]
[Result "1-0"]
[WhiteElo "1909"]
[BlackElo "1880"]
[PlyCount "66"]
[GameId "2160767910549166"]
[EventDate "2008.01.11"]
[EventType "swiss"]
[EventRounds "5"]
[EventCountry "CAN"]
[SourceTitle "EXT 2011"]
[Source "ChessBase"]
[SourceDate "2011.11.26"]
[SourceVersion "1"]
[SourceVersionDate "2011.11.26"]
[SourceQuality "1"]

1. e4 e5 2. Nf3 Nf6 3. Nc3 d6 4. d4 Nbd7 5. Bc4 a6 6. dxe5 dxe5 7. Be3 c6 8. a4 Bb4 9. O-O O-O 10. Na2 Be7 11. Qd3 Qc7 12. Nc3 Ng4 13. Bd2 Nc5 14. Qe2 Ne6 15. Bxe6 Bxe6 16. h3 Nf6 17. Nd1 Rad8 18. Bc3 Nd7 19. Ne3 Bf6 20. Rfd1 Nc5 21. Nf1 Rxd1 22. Rxd1 Rd8 23. Bb4 Nd7 24. b3 Nb6 25. a5 Rxd1 26. Qxd1 Qd7 27. Qa1 Nc8 28. Bc3 Nd6 29. Ng3 Nb5 30. Bxe5 Bxe5 31. Qxe5 Qd1+ 32. Kh2 Qxc2 33. Nh5 Qc3 1-0

[Event "Kent Oliver mem."]
[Site "Winnipeg CAN"]
[Date "2008.01.13"]
[Round "5"]
[White "Crawford, Gary"]
[Black "Green, Jim"]
[Result "0-1"]
[WhiteElo "1336"]
[BlackElo "1701"]
[PlyCount "51"]
[GameId "2160767910549167"]
[EventDate "2008.01.11"]
[EventType "swiss"]
[EventRounds "5"]
[EventCountry "CAN"]
[SourceTitle "EXT 2011"]
[Source "ChessBase"]
[SourceDate "2011.11.26"]
[SourceVersion "1"]
[SourceVersionDate "2011.11.26"]
[SourceQuality "1"]

1. e4 d6 2. d4 Nf6 3. Nc3 c6 4. f4 Qa5 5. Bd3 e5 6. dxe5 dxe5 7. f5 Bc5 8. g4 b5 9. g5 Nfd7 10. Bd2 Qb6 11. Nf3 Bf2+ 12. Ke2 Na6 13. Qf1 Bc5 14. h4 Bb7 15. f6 g6 16. h5 O-O-O 17. hxg6 hxg6 18. Rh6 Qc7 19. Qh3 Rhg8 20. Rh1 Kb8 21. Rh7 Nf8 22. Rg7 Ne6 23. Rxg8 Rxg8 24. a3 Bb6 25. b4 Ka8 26. Be1 0-1

[Event "Kent Oliver mem."]
[Site "Winnipeg CAN"]
[Date "2008.01.13"]
[Round "5"]
[White "Einarsson, Ken"]
[Black "Atem, James"]
[Result "1/2-1/2"]
[WhiteElo "1666"]
[BlackElo "1842"]
[PlyCount "77"]
[GameId "2160767910549168"]
[EventDate "2008.01.11"]
[EventType "swiss"]
[EventRounds "5"]
[EventCountry "CAN"]
[SourceTitle "EXT 2011"]
[Source "ChessBase"]
[SourceDate "2011.11.26"]
[SourceVersion "1"]
[SourceVersionDate "2011.11.26"]
[SourceQuality "1"]

1. d4 e6 2. c4 c5 3. e3 cxd4 4. exd4 Bb4+ 5. Nc3 Nf6 6. Bd2 O-O 7. Nf3 d5 8. c5 Bxc3 9. Bxc3 Ne4 10. Qc2 b6 11. Bd3 f5 12. b4 bxc5 13. bxc5 Nc6 14. O-O a5 15. a3 Ba6 16. Bxa6 Rxa6 17. Rab1 Qc7 18. Rb2 Rb8 19. Rfb1 g6 20. Rxb8+ Nxb8 21. Be1 Nd7 22. Qd3 Ra8 23. Rb5 g5 24. Nd2 Ndf6 25. Nb3 a4 26. Na5 Ng4 27. g3 Ngxf2 28. Bxf2 Nxf2 29. Kxf2 Rxa5 30. Rxa5 Qxa5 31. Qe3 Kf7 32. Qxg5 Qc3 33. Qe3 Qb2+ 34. Kg1 h5 35. h4 Qb3 36. Kf2 Qd1 37. Qc3 Qb3 38. Qc1 Qd3 39. Qe3 1/2-1/2

[Event "Kent Oliver mem."]
[Site "Winnipeg CAN"]
[Date "2008.01.13"]
[Round "5"]
[White "Goodman, Clifford"]
[Black "Gannon, Keith"]
[Result "0-1"]
[WhiteElo "1537"]
[BlackElo "1681"]
[PlyCount "96"]
[GameId "2160767910549169"]
[EventDate "2008.01.11"]
[EventType "swiss"]
[EventRounds "5"]
[EventCountry "CAN"]
[SourceTitle "EXT 2011"]
[Source "ChessBase"]
[SourceDate "2011.11.26"]
[SourceVersion "1"]
[SourceVersionDate "2011.11.26"]
[SourceQuality "1"]

1. Nf3 Nf6 2. c4 b6 3. g3 Bb7 4. Bg2 d6 5. O-O Nbd7 6. d3 g6 7. Nc3 Bg7 8. e4 O-O 9. h3 c6 10. g4 Ne8 11. Bg5 Ne5 12. Nxe5 Bxe5 13. f4 Bd4+ 14. Kh1 Bg7 15. f5 h6 16. Be3 g5 17. Qe1 Nc7 18. h4 f6 19. hxg5 fxg5 20. d4 e6 21. Ne2 c5 22. Rd1 Qe7 23. Ng3 Rad8 24. Nh5 exf5 25. Nxg7 Kxg7 26. Qc3 Bxe4 27. dxc5+ Kg8 28. Rd2 Bxg2+ 29. Rxg2 f4 30. Bd4 dxc5 31. Be5 Ne6 32. Re1 Qf7 33. Qh3 Qg6 34. Rh2 Kh7 35. Qf3 Rd7 36. Rhe2 Ng7 37. Kg2 Qd3 38. Qxd3+ Rxd3 39. Bxg7 Kxg7 40. Kf2 Rf7 41. Re6 Rd2+ 42. R6e2 Rxe2+ 43. Rxe2 Rd7 44. Kf3 Rd3+ 45. Ke4 Rd4+ 46. Kf5 Rd7 47. Re6 Rf7+ 48. Ke5 f3 0-1

[Event "Kent Oliver mem."]
[Site "Winnipeg CAN"]
[Date "2008.01.13"]
[Round "5"]
[White "Greenberg, Harley"]
[Black "Rutter, Blair"]
[Result "1/2-1/2"]
[WhiteElo "1820"]
[BlackElo "1828"]
[PlyCount "44"]
[GameId "2160767910549170"]
[EventDate "2008.01.11"]
[EventType "swiss"]
[EventRounds "5"]
[EventCountry "CAN"]
[SourceTitle "EXT 2011"]
[Source "ChessBase"]
[SourceDate "2011.11.26"]
[SourceVersion "1"]
[SourceVersionDate "2011.11.26"]
[SourceQuality "1"]

1. d4 d5 2. c4 Nf6 3. Nf3 Nbd7 4. cxd5 Nxd5 5. e4 N5b6 6. Nc3 e6 7. Be2 Be7 8. O-O O-O 9. a4 Nf6 10. Bf4 a6 11. Rc1 c6 12. Qd2 Bb4 13. Qc2 h6 14. h3 Ne8 15. Na2 Bd6 16. Bxd6 Qxd6 17. Rfd1 Nc7 18. a5 Nd7 19. Nc3 Rd8 20. d5 exd5 21. exd5 cxd5 22. g3 Qe5 1/2-1/2

[Event "Kent Oliver mem."]
[Site "Winnipeg CAN"]
[Date "2008.01.13"]
[Round "5"]
[White "Kaptsan, Aron"]
[Black "Liu, Weixi"]
[Result "1-0"]
[WhiteElo "1985"]
[BlackElo "1922"]
[PlyCount "43"]
[GameId "2160767910549171"]
[EventDate "2008.01.11"]
[EventType "swiss"]
[EventRounds "5"]
[EventCountry "CAN"]
[SourceTitle "EXT 2011"]
[Source "ChessBase"]
[SourceDate "2011.11.26"]
[SourceVersion "1"]
[SourceVersionDate "2011.11.26"]
[SourceQuality "1"]

1. e4 e6 2. d4 d5 3. Nd2 Nc6 4. Ngf3 Nf6 5. e5 Nd7 6. Bb5 a6 7. Bxc6 bxc6 8. O-O c5 9. c4 c6 10. Re1 Be7 11. Qa4 Bb7 12. cxd5 cxd5 13. dxc5 Bxc5 14. Qg4 g6 15. Nb3 h5 16. Qg3 Be7 17. Bg5 Bxg5 18. Nxg5 O-O 19. Nxe6 fxe6 20. Qxg6+ Kh8 21. Qxh5+ Kg8 22. Qg6+ 1-0

[Event "Kent Oliver mem."]
[Site "Winnipeg CAN"]
[Date "2008.01.13"]
[Round "5"]
[White "Letain, Cory"]
[Black "Gibbons, Lorne"]
[Result "1-0"]
[WhiteElo "1362"]
[BlackElo "1273"]
[PlyCount "37"]
[GameId "2160767910549172"]
[EventDate "2008.01.11"]
[EventType "swiss"]
[EventRounds "5"]
[EventCountry "CAN"]
[SourceTitle "EXT 2011"]
[Source "ChessBase"]
[SourceDate "2011.11.26"]
[SourceVersion "1"]
[SourceVersionDate "2011.11.26"]
[SourceQuality "1"]

1. e4 d6 2. d4 e5 3. Nf3 exd4 4. Nxd4 c5 5. Nf3 Bg4 6. Bb5+ Nd7 7. h3 Bh5 8. O-O a6 9. Bc4 Ne7 10. Nc3 b5 11. Bd5 Nxd5 12. Nxd5 Nf6 13. Re1 Be7 14. Bg5 Nxd5 15. exd5 Bxf3 16. Qxf3 O-O 17. Bxe7 Qa5 18. Bxf8 Qd2 19. Bxd6 1-0

[Event "Kent Oliver mem."]
[Site "Winnipeg CAN"]
[Date "2008.01.13"]
[Round "5"]
[White "Prince, Colin"]
[Black "Lipnowski, Samuel"]
[Result "0-1"]
[WhiteElo "1894"]
[BlackElo "2290"]
[PlyCount "44"]
[GameId "2160767910549173"]
[EventDate "2008.01.11"]
[EventType "swiss"]
[EventRounds "5"]
[EventCountry "CAN"]
[SourceTitle "EXT 2011"]
[Source "ChessBase"]
[SourceDate "2011.11.26"]
[SourceVersion "1"]
[SourceVersionDate "2011.11.26"]
[SourceQuality "1"]

1. d4 d5 2. c4 c6 3. Nf3 Nf6 4. Nc3 dxc4 5. a4 Bf5 6. e3 e6 7. Bxc4 Bb4 8. O-O Nbd7 9. Qb3 a5 10. Rd1 Qb6 11. Ne5 Nxe5 12. dxe5 Nd7 13. e4 Bg4 14. Be3 Bxd1 15. Rxd1 Nc5 16. Bxe6 fxe6 17. Bxc5 Qxc5 18. Qxe6+ Qe7 19. Qf5 g6 20. Qh3 Rd8 21. e6 Bxc3 22. Rxd8+ Qxd8 0-1

[Event "Kent Oliver mem."]
[Site "Winnipeg CAN"]
[Date "2008.01.13"]
[Round "5"]
[White "Remillard, John"]
[Black "Nikouline, Alexandre"]
[Result "0-1"]
[WhiteElo "1641"]
[BlackElo "2109"]
[PlyCount "36"]
[GameId "2160767910549174"]
[EventDate "2008.01.11"]
[EventType "swiss"]
[EventRounds "5"]
[EventCountry "CAN"]
[SourceTitle "EXT 2011"]
[Source "ChessBase"]
[SourceDate "2011.11.26"]
[SourceVersion "1"]
[SourceVersionDate "2011.11.26"]
[SourceQuality "1"]

1. c4 e5 2. Nc3 d6 3. g3 Be6 4. Bg2 c6 5. b3 Qd7 6. Bb2 g6 7. d4 f6 8. dxe5 fxe5 9. Qd2 Na6 10. h4 Nf6 11. a3 Ng4 12. Rd1 Nc5 13. Qc2 Qf7 14. Nh3 Be7 15. e4 h6 16. Qe2 Nxb3 17. Nb1 Nf6 18. f4 Bxc4 0-1

[Event "Keres"]
[Site "Charlesbourg CAN"]
[Date "2008.03.31"]
[Round "2"]
[White "Fecteau, Martin"]
[Black "Lapointe, Daniel"]
[Result "1-0"]
[WhiteElo "2013"]
[BlackElo "1598"]
[PlyCount "61"]
[GameId "2160767910351380"]
[EventDate "2008.03.24"]
[EventType "swiss"]
[EventCountry "CAN"]

1. d4 d5 2. c4 c6 3. Nf3 g6 4. e3 Bg7 5. Nc3 Nf6 6. Bd3 dxc4 7. Bxc4 O-O 8. O-O Nbd7 9. b4 Nb6 10. Bd3 Nfd5 11. Nxd5 Nxd5 12. Bd2 Nc7 13. Qe2 Qd6 14. a3 Ne6 15. Bc3 Bd7 16. Ne5 Be8 17. Nc4 Qd5 18. f4 f5 19. Ne5 Bxe5 20. dxe5 Ng7 21. Bb2 e6 22. Rad1 Qd8 23. Bc4 Qe7 24. Rd6 Bf7 25. Rfd1 Rfd8 26. Qc2 Rxd6 27. exd6 Qd7 28. Qc3 Be8 29. Qxg7+ Qxg7 30. Bxg7 Kxg7 31. d7 1-0

[Event "Keres"]
[Site "Charlesbourg CAN"]
[Date "2008.03.31"]
[Round "2"]
[White "Plante, Rejean"]
[Black "Bernatchez, Dan"]
[Result "1-0"]
[WhiteElo "1999"]
[BlackElo "1980"]
[PlyCount "77"]
[GameId "2160767910351381"]
[EventDate "2008.03.24"]
[EventType "swiss"]
[EventCountry "CAN"]

1. c4 c5 2. g3 Nc6 3. Bg2 g6 4. Nc3 Bg7 5. e3 Nh6 6. Nge2 Nf5 7. O-O O-O 8. b3 Rb8 9. Bb2 b6 10. Rb1 Bb7 11. d3 e6 12. a3 Ne5 13. e4 Ne7 14. d4 cxd4 15. Nxd4 a6 16. f4 N5c6 17. e5 Nxd4 18. Qxd4 Bxg2 19. Kxg2 d6 20. Qxd6 Qxd6 21. exd6 Nf5 22. Rfe1 Rfd8 23. Ne4 Bxb2 24. Rxb2 Nxd6 25. Nf6+ Kg7 26. Ng4 Nb7 27. Re3 Rd6 28. b4 Rc8 29. Rc2 f6 30. Rec3 Rdc6 31. Ne3 Kf7 32. Kf3 Nd6 33. a4 Ke7 34. g4 Nb7 35. f5 a5 36. b5 Rd6 37. Nd5+ Kf7 38. Re2 h5 39. Ne7 1-0

[Event "Kitchener Masters1"]
[Site "Kitchener CAN"]
[Date "2008.04.05"]
[Round "?"]
[White "Dougherty, Michael"]
[Black "Drkulec, Vladimir"]
[Result "1-0"]
[WhiteElo "2281"]
[BlackElo "2063"]
[PlyCount "55"]
[GameId "2160767910351212"]
[EventDate "2008.04.05"]
[EventType "tourn"]
[EventRounds "3"]
[EventCountry "CAN"]
[SourceTitle "EXT 2011"]
[Source "ChessBase"]
[SourceDate "2011.11.26"]
[SourceVersion "1"]
[SourceVersionDate "2011.11.26"]
[SourceQuality "1"]

1. Nf3 c5 2. c4 b6 3. Nc3 e6 4. e4 Bb7 5. g3 d6 6. Bg2 Nf6 7. d3 a6 8. O-O Be7 9. a3 Nc6 10. b4 Nd7 11. d4 cxd4 12. Nd5 exd5 13. cxd5 Nce5 14. Nxd4 Nc4 15. Nc6 Bxc6 16. dxc6 Nde5 17. Qd5 b5 18. c7 Qc8 19. f4 Nb6 20. Qd4 Ned7 21. Bb2 f6 22. e5 dxe5 23. fxe5 fxe5 24. Qg4 g6 25. Bxa8 Nxa8 26. Bxe5 Rf8 27. Rxf8+ Bxf8 28. Qe6+ 1-0

[Event "Kitchener Masters1"]
[Site "Kitchener CAN"]
[Date "2008.04.05"]
[Round "?"]
[White "Dougherty, Michael"]
[Black "Zubac, Marius"]
[Result "1-0"]
[WhiteElo "2281"]
[BlackElo "2237"]
[PlyCount "81"]
[GameId "2160767910351213"]
[EventDate "2008.04.05"]
[EventType "tourn"]
[EventRounds "3"]
[EventCountry "CAN"]
[SourceTitle "EXT 2011"]
[Source "ChessBase"]
[SourceDate "2011.11.26"]
[SourceVersion "1"]
[SourceVersionDate "2011.11.26"]
[SourceQuality "1"]

1. e4 c5 2. Nf3 Nc6 3. Nc3 Nf6 4. Bc4 e6 5. d4 cxd4 6. Nxd4 Ne5 7. Bb3 Bb4 8. O-O a6 9. f4 Nc6 10. e5 Nxd4 11. Qxd4 Qa5 12. Kh1 Ng4 13. f5 h5 14. fxe6 dxe6 15. Bg5 O-O 16. Rae1 f6 17. Bh4 Nxe5 18. Rf5 Qc5 19. Qe4 Bxc3 20. bxc3 Qxc3 21. Rxh5 Kf7 22. Bg3 Bd7 23. Bxe5 fxe5 24. Rxe5 Rae8 25. h3 Kg8 26. Rh5 Rf6 27. Qh4 Kf7 28. Rhe5 a5 29. a4 Kg8 30. Qg5 b6 31. Rd1 Bc6 32. Rd3 Qa1+ 33. Kh2 Qf1 34. Rg3 g6 35. Qh6 Kf7 36. Qh7+ Kf8 37. Qc7 Rf7 38. Qxc6 Rf2 39. Rxg6 Rxc2 40. Rg8+ Kxg8 41. Qxe8+ 1-0

[Event "Kitchener Masters1"]
[Site "Kitchener CAN"]
[Date "2008.04.05"]
[Round "?"]
[White "Drkulec, Vladimir"]
[Black "Morrison, Kyle"]
[Result "0-1"]
[WhiteElo "2063"]
[BlackElo "2149"]
[PlyCount "124"]
[GameId "2160767910351214"]
[EventDate "2008.04.05"]
[EventType "tourn"]
[EventRounds "3"]
[EventCountry "CAN"]
[SourceTitle "EXT 2011"]
[Source "ChessBase"]
[SourceDate "2011.11.26"]
[SourceVersion "1"]
[SourceVersionDate "2011.11.26"]
[SourceQuality "1"]

1. c4 Nf6 2. g3 c6 3. Bg2 d5 4. cxd5 cxd5 5. d4 Nc6 6. Nf3 Bf5 7. O-O h6 8. Nc3 e6 9. Bf4 Be7 10. Rc1 O-O 11. Ne5 Rc8 12. h3 Bd6 13. Nxc6 Rxc6 14. Qd2 Bxf4 15. Qxf4 Qa5 16. g4 Bg6 17. h4 Qb4 18. g5 hxg5 19. hxg5 Nd7 20. Qd2 Rfc8 21. a3 Qb6 22. e3 a6 23. f4 Qc7 24. Rf2 Nb6 25. Qe1 Na4 26. e4 Nxc3 27. bxc3 dxe4 28. Bxe4 Bxe4 29. Qxe4 Rxc3 30. Rcf1 Qc6 31. Qxc6 R8xc6 32. f5 Rg3+ 33. Rg2 Rxa3 34. g6 exf5 35. gxf7+ Kxf7 36. Rxf5+ Rf6 37. Rd5 Ra1+ 38. Kh2 Rh6+ 39. Kg3 Rg6+ 40. Kh2 Rxg2+ 41. Kxg2 Ke6 42. Rg5 Rd1 43. Rxg7 b5 44. Kf3 Rxd4 45. Rg6+ Kd5 46. Rxa6 Kc4 47. Rc6+ Kb3 48. Ke3 Rd8 49. Rc1 Kb2 50. Rh1 b4 51. Rh2+ Ka3 52. Rh7 b3 53. Ra7+ Kb2 54. Ke2 Kb1 55. Ra6 b2 56. Ra7 Rd5 57. Ra8 Kc2 58. Rc8+ Kb3 59. Rb8+ Kc3 60. Rb7 Rd4 61. Rc7+ Rc4 62. Rb7 Kc2 0-1

[Event "Kitchener Masters1"]
[Site "Kitchener CAN"]
[Date "2008.04.05"]
[Round "?"]
[White "Morrison, Kyle"]
[Black "Dougherty, Michael"]
[Result "1/2-1/2"]
[WhiteElo "2149"]
[BlackElo "2281"]
[PlyCount "81"]
[GameId "2160767910351215"]
[EventDate "2008.04.05"]
[EventType "tourn"]
[EventRounds "3"]
[EventCountry "CAN"]
[SourceTitle "EXT 2011"]
[Source "ChessBase"]
[SourceDate "2011.11.26"]
[SourceVersion "1"]
[SourceVersionDate "2011.11.26"]
[SourceQuality "1"]

1. e4 g6 2. d4 Bg7 3. Nf3 c5 4. c3 cxd4 5. cxd4 d5 6. exd5 Nf6 7. Bb5+ Nbd7 8. Nc3 O-O 9. O-O Nb6 10. Bg5 Nbxd5 11. Qd2 Nxc3 12. bxc3 Ne4 13. Qe3 Nxg5 14. Nxg5 Bf5 15. Be2 Qd7 16. Nf3 Rac8 17. c4 Bg4 18. Ne5 Bxe5 19. Qxe5 Bxe2 20. Qxe2 Rfd8 21. Rfd1 e6 22. g3 Rc6 23. Rab1 Rd6 24. Rb2 b6 25. Rbd2 Qa4 26. h4 Qa5 27. Qe4 b5 28. Qe5 a6 29. h5 gxh5 30. Qg5+ Kf8 31. Qxh5 Qb4 32. d5 exd5 33. cxd5 Qe4 34. Re2 Qg6 35. Qe5 Qf6 36. Qe4 Kg7 37. Kg2 h5 38. Re3 Qg5 39. Red3 R8d7 40. Qd4+ Kg6 41. Qb4 1/2-1/2

[Event "Kitchener Masters1"]
[Site "Kitchener CAN"]
[Date "2008.04.05"]
[Round "?"]
[White "Zubac, Marius"]
[Black "Morrison, Kyle"]
[Result "0-1"]
[WhiteElo "2237"]
[BlackElo "2149"]
[PlyCount "152"]
[GameId "2160767910351216"]
[EventDate "2008.04.05"]
[EventType "tourn"]
[EventRounds "3"]
[EventCountry "CAN"]
[SourceTitle "EXT 2011"]
[Source "ChessBase"]
[SourceDate "2011.11.26"]
[SourceVersion "1"]
[SourceVersionDate "2011.11.26"]
[SourceQuality "1"]

1. d4 Nf6 2. c4 e6 3. Nc3 Bb4 4. f3 d5 5. a3 Bxc3+ 6. bxc3 c5 7. cxd5 Nxd5 8. dxc5 Qa5 9. e4 Ne7 10. Be3 O-O 11. Qb3 Qc7 12. Nh3 e5 13. Nf2 Nec6 14. a4 Na5 15. Qa3 Be6 16. Rb1 Nc4 17. Bxc4 Bxc4 18. Qb4 Ba6 19. Ng4 h5 20. Nf2 Nc6 21. Qa3 Na5 22. Qc1 Qc6 23. Rb4 Qe6 24. Nd1 Rac8 25. Qc2 Rfd8 26. Nb2 Nc6 27. Kf2 b6 28. Rb5 Bxb5 29. axb5 Na5 30. c6 Nc4 31. Ra1 Nxe3 32. Kxe3 Qh6+ 33. Ke2 Qg5 34. g3 h4 35. Rxa7 hxg3 36. hxg3 Qxg3 37. Nd3 Rd6 38. Qb3 Rf6 39. Ne1 Qh2+ 40. Ke3 Rd8 41. Rd7 Rxd7 42. cxd7 Rd6 43. Nd3 Rxd7 44. Qc4 Qh4 45. Ke2 Qf6 46. Kd2 Kh7 47. Kc2 g6 48. Nb2 Kg7 49. Qe2 Rc7 50. Kb3 Qe6+ 51. c4 Qd6 52. Nd3 Ra7 53. Nb4 Ra1 54. Nc2 Rb1+ 55. Kc3 Qc5 56. Kd2 Qg1 57. Kc3 Qc1 58. Qe3 Qb2+ 59. Kd2 Rc1 60. Qd3 g5 61. c5 bxc5 62. b6 Rg1 63. Qe2 Qxb6 64. Qh2 Qd6+ 65. Kc3 Rc1 66. Kb2 Rd1 67. Qg2 f6 68. Qe2 Qb6+ 69. Kc3 Qa5+ 70. Kb2 Rd2 71. Qc4 Qb4+ 72. Qxb4 cxb4 73. Kc1 Rxc2+ 74. Kxc2 Kh6 75. Kb3 Kh5 76. Kxb4 Kh4 0-1

[Event "Kitchener Masters1"]
[Site "Kitchener CAN"]
[Date "2008.04.06"]
[Round "?"]
[White "Drkulec, Vladimir"]
[Black "Zubac, Marius"]
[Result "0-1"]
[WhiteElo "2063"]
[BlackElo "2237"]
[PlyCount "46"]
[GameId "2160767910351217"]
[EventDate "2008.04.05"]
[EventType "tourn"]
[EventRounds "3"]
[EventCountry "CAN"]
[SourceTitle "EXT 2011"]
[Source "ChessBase"]
[SourceDate "2011.11.26"]
[SourceVersion "1"]
[SourceVersionDate "2011.11.26"]
[SourceQuality "1"]

1. d4 d5 2. c4 e6 3. Nc3 c6 4. Nf3 Nf6 5. Bg5 dxc4 6. a4 Bb4 7. e3 b5 8. axb5 cxb5 9. Ne5 Bb7 10. f3 Nc6 11. Ng4 h5 12. Nxf6+ gxf6 13. Bh4 Rg8 14. Kf2 a6 15. Qc2 Rg6 16. Ne4 Nxd4 17. exd4 Qxd4+ 18. Ke2 f5 19. Nf6+ Rxf6 20. Bxf6 Qxf6 21. Kf2 Qd4+ 22. Kg3 Bd6+ 23. Kh3 Be7 0-1

[Event "Kitchener Masters2"]
[Site "Kitchener CAN"]
[Date "2008.04.05"]
[Round "?"]
[White "Humphreys, Michael"]
[Black "Jung, Hans"]
[Result "0-1"]
[WhiteElo "2068"]
[BlackElo "2216"]
[PlyCount "96"]
[GameId "2160767910351218"]
[EventDate "2008.04.05"]
[EventType "tourn"]
[EventRounds "3"]
[EventCountry "CAN"]
[SourceTitle "EXT 2011"]
[Source "ChessBase"]
[SourceDate "2011.11.26"]
[SourceVersion "1"]
[SourceVersionDate "2011.11.26"]
[SourceQuality "1"]

1. Nf3 c5 2. c4 Nc6 3. d4 cxd4 4. Nxd4 Nf6 5. g3 Qb6 6. Nc2 Ng4 7. e3 d6 8. b3 Qa5+ 9. Qd2 Qh5 10. f4 Nf6 11. Bg2 Bh3 12. Nc3 Bxg2 13. Qxg2 e6 14. e4 Be7 15. O-O Qa5 16. Bd2 O-O 17. Nd5 Qd8 18. Nxe7+ Qxe7 19. Bc3 Rfd8 20. Rad1 Ne8 21. g4 a5 22. a3 Qc7 23. Qf2 a4 24. b4 Ne7 25. Ne3 b5 26. f5 e5 27. g5 bxc4 28. h4 Qb7 29. Qg2 Qa7 30. Qf2 Qb7 31. Qf3 Nc7 32. g6 f6 33. gxh7+ Kxh7 34. Kh2 Rh8 35. Rg1 Kg8 36. Qg4 Rh7 37. Nxc4 Qc6 38. Nxd6 Qxc3 39. Rg3 Qb2+ 40. Rg2 Qxa3 41. Nc4 Qxb4 42. Rd7 Qxc4 43. Rxe7 Ne8 44. Qg6 Rxh4+ 45. Kg3 Rh6 46. Rxg7+ Nxg7 47. Qxh6 Qxe4 48. Kh2 Qf4+ 0-1

[Event "Kitchener Masters2"]
[Site "Kitchener CAN"]
[Date "2008.04.05"]
[Round "?"]
[White "Raheb, David"]
[Black "Humphreys, Michael"]
[Result "0-1"]
[WhiteElo "2246"]
[BlackElo "2068"]
[PlyCount "67"]
[GameId "2160767910351219"]
[EventDate "2008.04.05"]
[EventType "tourn"]
[EventRounds "3"]
[EventCountry "CAN"]
[SourceTitle "EXT 2011"]
[Source "ChessBase"]
[SourceDate "2011.11.26"]
[SourceVersion "1"]
[SourceVersionDate "2011.11.26"]
[SourceQuality "1"]

1. d4 Nf6 2. c4 g6 3. g3 Bg7 4. Bg2 O-O 5. Nf3 d6 6. O-O Nbd7 7. Nc3 e5 8. e4 c6 9. h3 Qb6 10. c5 dxc5 11. dxe5 Ne8 12. Bf4 Qxb2 13. Na4 Qa3 14. Bc1 Qb4 15. a3 Qxe4 16. Re1 Qc4 17. Nb2 Qd5 18. Qc2 Qe6 19. Ng5 Qe7 20. e6 f5 21. Be3 Nb6 22. Nf3 Qf6 23. e7 Rf7 24. Nd3 Qc3 25. Qe2 Rxe7 26. Rac1 Qxa3 27. Bxc5 Rxe2 28. Bxa3 Rxe1+ 29. Rxe1 Nf6 30. Nfe5 Nbd7 31. Nc5 Bf8 32. Rc1 b6 33. Nxc6 Bxc5 34. Bxc5 0-1

[Event "Kitchener Masters2"]
[Site "Kitchener CAN"]
[Date "2008.04.05"]
[Round "?"]
[White "Raheb, David"]
[Black "Jung, Hans"]
[Result "1-0"]
[WhiteElo "2246"]
[BlackElo "2216"]
[PlyCount "49"]
[GameId "2160767910351220"]
[EventDate "2008.04.05"]
[EventType "tourn"]
[EventRounds "3"]
[EventCountry "CAN"]
[SourceTitle "EXT 2011"]
[Source "ChessBase"]
[SourceDate "2011.11.26"]
[SourceVersion "1"]
[SourceVersionDate "2011.11.26"]
[SourceQuality "1"]

1. d4 d6 2. c4 e5 3. e3 Be7 4. Nc3 f5 5. dxe5 dxe5 6. Qxd8+ Bxd8 7. Bd2 Nf6 8. O-O-O c6 9. Bd3 Na6 10. Bc2 Be6 11. Nf3 Nd7 12. b3 Be7 13. Ne2 O-O-O 14. Bc3 Bf6 15. Rd6 Nc7 16. h4 h5 17. Ng5 Bxg5 18. hxg5 g6 19. f4 Rhe8 20. fxe5 Bf7 21. Nf4 Nxe5 22. Bxe5 Rxe5 23. Nxg6 Rxe3 24. Bxf5+ Be6 25. Ne7+ 1-0

[Event "Kitchener Masters3"]
[Site "Kitchener CAN"]
[Date "2008.04.05"]
[Round "?"]
[White "Demmery, Steve"]
[Black "Whissell, Mavros"]
[Result "1/2-1/2"]
[WhiteElo "2078"]
[BlackElo "1974"]
[PlyCount "75"]
[GameId "2160767910351221"]
[EventDate "2008.04.05"]
[EventType "tourn"]
[EventRounds "3"]
[EventCountry "CAN"]
[SourceTitle "EXT 2011"]
[Source "ChessBase"]
[SourceDate "2011.11.26"]
[SourceVersion "1"]
[SourceVersionDate "2011.11.26"]
[SourceQuality "1"]

1. d4 Nf6 2. c4 e6 3. g3 Bb4+ 4. Bd2 Qe7 5. Nf3 O-O 6. Bg2 Nc6 7. O-O Bxd2 8. Nbxd2 d6 9. e3 a5 10. a3 e5 11. d5 Nb8 12. e4 Na6 13. Ne1 c6 14. Nd3 Bg4 15. f3 Bd7 16. Re1 cxd5 17. exd5 Bf5 18. Ne4 Bxe4 19. fxe4 Qc7 20. Rc1 Nc5 21. Kh1 Ng4 22. Rc2 Nxd3 23. Qxd3 b6 24. Bh3 Nf6 25. a4 Nd7 26. Bxd7 Qxd7 27. Qb3 Rab8 28. Kg2 f5 29. Rf2 fxe4 30. Rxf8+ Rxf8 31. Qxb6 Qxa4 32. Qxd6 Qc2+ 33. Kh3 Qf2 34. Qe6+ Kh8 35. Qe7 Qf5+ 36. Kg2 Qf3+ 37. Kh3 Qf5+ 38. Kg2 1/2-1/2